000 01291nam a2200301 i 4500
001 60651
003 ES-MaACL
005 20230906164259.0
007 t|
008 031105s1988 sp |||| | spa d
020 _a84-7658-068-1
245 0 0 _aEstelas, laberintos, nuevas sendas :
_bUnamuno, Valle-Inclán, García Lorca, la guerra civil /
_cÁngel G. Loureiro (coord.) ; Iris M. Zavala ... [et al.].
250 _a1ª ed.
260 _aBarcelona :
_bAnthropos,
_c1988.
300 _a430 p. ;
_c20 cm.
490 1 _aAutores, textos y temas. Literatura ;
_v1
594 _aPonencias del Simposio "Spain'36" celebrado en octubre de 1986 en Amherst y Northampton.
600 1 4 _aUnamuno, Miguel de,
_d1864-1936-
_vCongresos y asambleas
_9111983
600 1 4 _aValle-Inclán, Ramón del,
_d1866-1936-
_vCongresos y asambleas
_9112799
600 1 4 _aGarcía Lorca, Federico,
_d1898-1936-
_vCongresos y asambleas
_954855
651 4 _aEspaña-
_xHistoria-
_y1936-1939, Guerra civil-
_vCongresos y asambleas.
_9142924
700 1 _aLoureiro, Angel G.
_974325
700 1 _aZavala, Iris M.
_9118105
711 2 _aSpain'36 (
_d1986.
_cAmherst y Northampton)
_9172369
830 1 _aAutores, textos y temas. Literatura ;
_v1
_9177410
852 _aES-MaACL
_jG-12582
999 _c60651
_d60651